Industrial Parks - History, Their Present and Influence on Employment
Teoretické definície priemyselných parkov a historické podklady ich projektovania. Rozvoj priemyselných parkov a ich vplyv na zamestnanosť. Zoznam priemyselných parkov na Slovensku. Nezamestnanosť podľa jednotlivých krajov.
Salvato in:
| Autore principale: | |
|---|---|
| Natura: | Capitolo di libro |
| Lingua: | inglese |
| Soggetti: | |
| Tags: |
Nessun Tag, puoi essere il primo ad aggiungerne!!
|
MARC
| LEADER | 00000naa a2200000 4500 | ||
|---|---|---|---|
| 001 | 0113541 | ||
| 005 | 20260216132309.9 | ||
| 041 | 0 | |a eng | |
| 044 | |a CZ | ||
| 245 | 1 | 0 | |a Industrial Parks - History, Their Present and Influence on Employment |c Jarmila Vidová |
| 520 | |a Teoretické definície priemyselných parkov a historické podklady ich projektovania. Rozvoj priemyselných parkov a ich vplyv na zamestnanosť. Zoznam priemyselných parkov na Slovensku. Nezamestnanosť podľa jednotlivých krajov. | ||
| 610 | 2 | 0 | |a Slovensko |
| 610 | 2 | 0 | |a regióny |
| 610 | 2 | 0 | |a politika priemyselná |
| 610 | 2 | 0 | |a priemysel |
| 610 | 2 | 0 | |a parky priemyselné |
| 610 | 2 | 0 | |a investovanie |
| 610 | 2 | 0 | |a zamestnanosť |
| 100 | 1 | |a Vidová, Jarmila, 1967- | |